000 00339nam a22001457a 4500
008 221207b ||||| |||| 00| 0 eng d
020 _a9780801856525
041 _aeng
080 _2FOURTH EDITION
_a611
082 _a611SCH
100 _a10
101 _aANATOM
245 _aHUMAN FUNCTIONAL ANATOMY
_cSCHLOSSBERG L
942 _2udc
_cBK
999 _c59126
_d59126